Pachakkari vilakal / (Record no. 6213)
[ view plain ]
| 000 -LEADER | |
|---|---|
| fixed length control field | 00638cam a2200265ua 4500 |
| 041 ## - LANGUAGE CODE | |
| Language code of text/sound track or separate title | mal |
| 082 ## - DEWEY DECIMAL CLASSIFICATION NUMBER | |
| Classification number | 635 |
| Item number | CHO/PA |
| 100 ## - MAIN ENTRY--AUTHOR NAME | |
| Personal name | Choudhary, . |
| 245 ## - TITLE STATEMENT | |
| Title | Pachakkari vilakal / |
| 250 ## - EDITION STATEMENT | |
| Edition statement | 1 / |
| 260 ## - PUBLICATION, DISTRIBUTION, ETC. (IMPRINT) | |
| Place of publication | Thiruvananthapuram : |
| Name of publisher | State Instititute of Languages , |
| Year of publication | 1975. |
| 300 ## - PHYSICAL DESCRIPTION | |
| Number of Pages | 218 ; . |
| 942 ## - ADDED ENTRY ELEMENTS (KOHA) | |
| Koha item type | Books |
| Withdrawn status | Lost status | Damaged status | Home library | Current library | Date acquired | Full call number | Accession Number | Koha item type |
|---|---|---|---|---|---|---|---|---|
| Withdrawn | Damaged | KAUAET | KAUAET | 07/04/2012 | 635 | 13787 | Books | |
| KAUAET | KAUAET | 07/04/2012 | 635 | 14425 | Books | |||
| KAUAET | KAUAET | 07/04/2012 | 635 | 14426 | Books | |||
| KAUAET | KAUAET | 07/04/2012 | 635 | 14434 | Books | |||
| KAUAET | KAUAET | 07/04/2012 | 635 | 14428 | Books | |||
| KAUAET | KAUAET | 07/04/2012 | 635 | 14427 | Books | |||
| KAUAET | KAUAET | 07/04/2012 | 635 | 13786 | Books | |||
| KAUAET | KAUAET | 07/04/2012 | 635 | 14432 | Books | |||
| KAUAET | KAUAET | 07/04/2012 | 635 | 14431 | Books | |||
| KAUAET | KAUAET | 07/04/2012 | 635 | 14430 | Books | |||
| Withdrawn | KAUAET | KAUAET | 17/11/2023 | 635 CHO/PA | 14429 | Books | ||
| Withdrawn | KAUAET | KAUAET | 17/11/2023 | 635 CHO/PA | 14433 | Books |
